| Tag |
First Indicator |
Second Indicator |
Subfields |
| LEADER |
00000cam a22000008a 4500 |
| 001 |
in00004479679 |
| 005 |
20191202143540.0 |
| 008 |
920117s1992 nyua b 001 0 eng |
| 010 |
|
|
|a 92002731
|
| 020 |
|
|
|a 0879694092
|
| 035 |
|
|
|a (OCoLC)25245793
|
| 035 |
|
|
|9 AAE9431MS
|
| 035 |
|
|
|z (UtOrBLW)16508
|
| 035 |
|
|
|a 28101
|
| 040 |
|
|
|a DLC
|c DLC
|d PMC
|d IAI
|d TMV
|d UtOrBLW
|
| 049 |
|
|
|a TMVM
|c 1
|
| 050 |
0 |
0 |
|a RB170
|b .M65 1992
|
| 082 |
0 |
0 |
|a 574.87/65
|2 20
|
| 096 |
|
|
|a QV 312
|b M718 1992
|
| 245 |
0 |
0 |
|a Molecular biology of free radical scavenging systems /
|c edited by John G. Scandalios.
|
| 264 |
|
1 |
|a Plainview, NY :
|b Cold Spring Harbor Laboratory Press,
|c 1992.
|
| 300 |
|
|
|a ix, 284 pages :
|b illustrations (some color) ;
|c 23 cm.
|
| 336 |
|
|
|a text
|2 rdacontent
|b txt
|
| 337 |
|
|
|a unmediated
|2 rdamedia
|
| 338 |
|
|
|a volume
|2 rdacarrier
|b nc
|
| 490 |
1 |
|
|a Current communications in cell & molecular biology ;
|v 5
|
| 504 |
|
|
|a Includes bibliographical references and index.
|
| 505 |
0 |
|
|a DNA damage by endogenous oxidants and mitogenesis as causes of aging and cancer / B.N. Ames and M.K. Shigenaga -- Small molecule antioxidant defenses in human extracellular fluids / B. Frei, R. Stocker, and B.N. Ames -- DNA damage by oxygen-derived species : its mechanism, and measurement using chromatographic methods / B. Halliwell and O.I. Aruoma -- Possible protective mechanisms of tumor necrosis factors against oxidative stress / G.H.W. Wong ... [et al.] -- Regulation of bacterial catalase synthesis / P.C. Loewen -- Regulation of the antioxidant defense genes CAT and SOD of maize / J.G. Scandalios -- Regulation of yeast catalase genes / H. Ruis and B. Hamilton -- Production and scavenging of active oxygen in chloroplasts / K. Asada -- Iron and manganese superoxide dismutases : catalytic inferences from the structures / W.C. Stallings ... [et al.].
|
| 505 |
0 |
|
|a Superoxide radical in Escherichia coli / S.I. Liochev and I. Fridovich -- Regulation and protective role of the microbial superoxide dismutases / D. Touati -- The human CuZn superoxide dismutase gene and Down's syndrome / Y. Groner ... [et al.].
|
| 650 |
|
2 |
|a Oxygen
|x toxicity.
|
| 650 |
|
2 |
|a Antioxidants
|x physiology.
|
| 650 |
|
2 |
|a Free Radicals
|x physiology.
|
| 650 |
|
2 |
|a Free Radicals
|x toxicity.
|
| 700 |
1 |
|
|a Scandalios, John G.
|
| 830 |
|
0 |
|a Current communications in cell & molecular biology ;
|v 5.
|
| 999 |
|
|
|a MARS
|
| 999 |
f |
f |
|s bba9a004-b152-3ead-8ce6-b27f56857d50
|i d4a481f5-9930-3464-b78e-bf1c3add08cb
|t 0
|
| 952 |
f |
f |
|p ric
|a Texas A&M University
|b Rellis Campus
|c Joint Library Facility
|d Remote Storage
|t 0
|e QV 312 M718 1992
|h National Library of Medicine classification
|i unmediated -- volume
|m 323890129689H
|
| 998 |
f |
f |
|a QV 312 M718 1992
|t 0
|l Remote Storage
|